[Event "Midland Ch Forrest Cup"]
[Site "Derby"]
[Date "1988.03.20"]
[Round "6"]
[White "Brotherton, Trevor S"]
[Black "Gamble, Raymond J"]
[Result "1-0"]
[WhiteElo "1976"]
[BlackElo "1992"]
[PlyCount "103"]
[EventDate "1988.03.18"]
[EventType "swiss"]
[EventRounds "6"]
[EventCountry "ENG"]
[SourceTitle "BritBase"]
[Source "John Saunders"]
[SourceDate "2022.11.28"]
[SourceVersion "1"]
[SourceVersionDate "2022.08.23"]
[SourceQuality "1"]

1. e4 e6 2. d4 d5 3. exd5 exd5 4. c4 Nf6 5. Nc3 Be7 6. Nf3 O-O 7. Bd3 dxc4 8.
Bxc4 Nbd7 9. O-O Nb6 10. Bd3 Bg4 11. Bf4 c6 12. Re1 Re8 13. Be5 Qd7 14. Rc1
Rad8 15. a3 Nbd5 16. h3 Nxc3 17. Rxc3 Bh5 18. Be2 Nd5 19. Rd3 Bg6 20. Rd2 f6
21. Bg3 Bd6 22. Bxd6 Qxd6 23. Bd3 Rxe1+ 24. Qxe1 Re8 25. Qd1 Bxd3 26. Rxd3 Qe6
27. Rd2 Nf4 28. Kh2 g5 29. Ng1 Qe1 30. g3 Qxd1 31. Rxd1 Nd5 32. Kg2 Kf7 33. Rd2
Re1 34. Nf3 Re4 35. Kf1 Nb6 $15 36. Rd3 Ke6 $4 37. Nd2 $18 (37. Nxg5+ $5 fxg5
38. f3 $18) 37... Kd5 38. Nxe4 Kxe4 39. Ke2 Nc4 40. f3+ Kd5 41. b4 b5 42. h4 h5
43. Kf2 Nd6 44. g4 hxg4 45. h5 gxf3 46. Rxf3 Kxd4 47. h6 Ke5 48. Re3+ Kf5 49.
h7 Nf7 50. Re7 Nh8 51. Re8 Ng6 52. Rg8 1-0

[Event "Midland Ch Forrest Cup"]
[Site "Derby"]
[Date "1988.03.20"]
[Round "6"]
[White "Buckley, Graeme N"]
[Black "James, L Stephen"]
[Result "1-0"]
[WhiteElo "2168"]
[BlackElo "1840"]
[PlyCount "55"]
[EventDate "1988.03.18"]
[EventType "swiss"]
[EventRounds "6"]
[EventCountry "ENG"]
[SourceTitle "BritBase"]
[Source "John Saunders"]
[SourceDate "2022.11.28"]
[SourceVersion "1"]
[SourceVersionDate "2022.08.23"]
[SourceQuality "1"]

1. d4 d5 2. c4 e6 3. Nc3 c5 4. cxd5 cxd4 5. Qxd4 Nc6 6. Qd1 exd5 7. Qxd5 Bd7 8.
Bg5 Nf6 9. Bxf6 Qxf6 10. Qf3 Qd8 11. g3 Bc5 12. Bh3 O-O 13. Rd1 Nd4 14. Qd5
Nc2+ 15. Kf1 Bxf2 16. Qxd7 Qf6 17. Nd5 Ne3+ 18. Nxe3 Bxe3+ 19. Nf3 Rad8 20. Qa4
Qxb2 21. Rxd8 Rxd8 22. Qb3 Qc1+ 23. Kg2 Qc5 24. Bf5 g6 25. Bd3 g5 26. Qc4 g4
27. Qxg4+ Kf8 28. Qc4 1-0

[Event "Midland Ch Forrest Cup"]
[Site "Derby"]
[Date "1988.03.20"]
[Round "6"]
[White "Cooper, David M"]
[Black "Lazonby, Norman A"]
[Result "1/2-1/2"]
[WhiteElo "1904"]
[BlackElo "2096"]
[PlyCount "60"]
[EventDate "1988.03.18"]
[EventType "swiss"]
[EventRounds "6"]
[EventCountry "ENG"]
[SourceTitle "BritBase"]
[Source "John Saunders"]
[SourceDate "2022.11.28"]
[SourceVersion "1"]
[SourceVersionDate "2022.08.23"]
[SourceQuality "1"]

1. c4 g6 2. g3 Bg7 3. Bg2 c6 4. Nf3 e5 5. O-O Ne7 6. Nc3 d5 7. d3 f5 8. cxd5
cxd5 9. Bg5 Nbc6 10. Rc1 Be6 11. d4 e4 12. Bxe7 Qxe7 13. Ne5 Bxe5 14. dxe5 Rd8
15. Nb5 O-O 16. f4 d4 17. a4 Qb4 18. Nd6 Rd7 19. Qe1 Qxa4 20. Qd2 Qb3 21. Rc5
a6 22. Rfc1 Qb4 23. Qxb4 Nxb4 24. Rd1 d3 25. exd3 Nxd3 26. Rc3 Nb4 27. Bf1 Rfd8
28. Rd4 Nc6 29. Rd2 Kf8 30. Bc4 Bxc4 1/2-1/2

[Event "Midland Ch Forrest Cup"]
[Site "Derby"]
[Date "1988.03.20"]
[Round "6"]
[White "Dunworth, Christopher N"]
[Black "Waddingham, Graham A"]
[Result "0-1"]
[WhiteElo "2240"]
[BlackElo "2240"]
[PlyCount "108"]
[EventDate "1988.03.18"]
[EventType "swiss"]
[EventRounds "6"]
[EventCountry "ENG"]
[SourceTitle "BritBase"]
[Source "John Saunders"]
[SourceDate "2022.11.28"]
[SourceVersion "1"]
[SourceVersionDate "2022.08.23"]
[SourceQuality "1"]

1. d4 d5 2. Bg5 c5 3. dxc5 f6 4. Bh4 Nc6 5. Nd2 e5 6. Nb3 Be6 7. e3 Nh6 8. f3
Na5 9. Nxa5 Qxa5+ 10. c3 Qxc5 11. Bf2 Qb6 12. Qb3 Qxb3 13. axb3 Bc5 14. b4 Bb6
15. Bd3 O-O 16. Ne2 Nf5 17. e4 Bxf2+ 18. Kxf2 dxe4 19. Bxe4 Nd6 20. Ng3 Rfd8
21. Rad1 f5 22. Bd5 Kf7 23. Bxe6+ Kxe6 24. Ke2 Nc4 25. b3 Na3 26. Rxd8 Rxd8 27.
Rc1 Nb5 28. Nf1 g5 29. Ne3 h5 30. g3 g4 31. fxg4 hxg4 32. Rc2 Rh8 33. Ke1 a6
34. Kd1 Nd6 35. c4 Ne4 36. c5 Rd8+ 37. Ke2 Rc8 38. Nc4 Nf6 39. Rd2 Ne4 40. Rc2
Rc7 41. Nb6 Rc6 42. Ke3 Nf6 43. Ke2 Nd5 44. Nxd5 Kxd5 45. Ke3 a5 46. Rd2+ Ke6
47. bxa5 Rxc5 48. b4 Rc3+ 49. Rd3 Rxd3+ 50. Kxd3 Kd5 51. Kc3 e4 52. Kb3 Kd4 53.
b5 Kc5 54. Ka4 e3 0-1

[Event "Midland Ch Forrest Cup"]
[Site "Derby"]
[Date "1988.03.20"]
[Round "6"]
[White "Hutchinson, Paul A"]
[Black "Baker, Chris W"]
[Result "1-0"]
[WhiteElo "2240"]
[BlackElo "2336"]
[PlyCount "89"]
[EventDate "1988.03.18"]
[EventType "swiss"]
[EventRounds "6"]
[EventCountry "ENG"]
[SourceTitle "BritBase"]
[Source "John Saunders"]
[SourceDate "2022.11.28"]
[SourceVersion "1"]
[SourceVersionDate "2022.08.23"]
[SourceQuality "1"]

1. e4 e5 2. Nf3 Nc6 3. d4 exd4 4. Nxd4 Nf6 5. Nc3 Bb4 6. Nxc6 bxc6 7. Bd3 d5 8.
exd5 cxd5 9. O-O O-O 10. Bg5 c6 11. Qf3 Be7 12. Rfe1 Rb8 13. Qg3 Be6 14. Re5
Rb4 15. f4 h6 16. Bxh6 Ng4 17. Rxe6 Bc5+ 18. Kf1 fxe6 19. Qxg4 Qf6 20. Bg5 Qd4
21. Nd1 Rf5 22. Qg3 Qg1+ 23. Ke2 Kf7 24. Rb1 Bd6 25. Qf2 Qxh2 26. g4 Bxf4 27.
gxf5 Qh5+ 28. Qf3 Qxg5 29. a3 Rb8 30. fxe6+ Kxe6 31. Ne3 Re8 32. Rf1 Ke5 33.
Qg4 Qxg4+ 34. Nxg4+ Kd4+ 35. Kd1 g5 36. Nf6 Rb8 37. b4 Kc3 38. b5 cxb5 39.
Nxd5+ Kb2 40. Rf3 Rd8 41. Be4 a6 42. Rb3+ Ka2 43. Ke2 Be5 44. Nb4+ Ka1 45. c3
1-0

[Event "Midland Ch Forrest Cup"]
[Site "Derby"]
[Date "1988.03.20"]
[Round "6"]
[White "Johnson, Maurice W"]
[Black "Arkell, Keith C"]
[Result "0-1"]
[WhiteElo "1792"]
[BlackElo "2416"]
[PlyCount "56"]
[EventDate "1988.03.18"]
[EventType "swiss"]
[EventRounds "6"]
[EventCountry "ENG"]
[SourceTitle "BritBase"]
[Source "John Saunders"]
[SourceDate "2022.11.28"]
[SourceVersion "1"]
[SourceVersionDate "2022.08.23"]
[SourceQuality "1"]

1. e4 c6 2. d4 d5 3. Nc3 g6 4. Nf3 Bg4 5. exd5 cxd5 6. h3 Bxf3 7. Qxf3 e6 8.
Bf4 Nc6 9. Bb5 Bg7 10. Qd3 Nge7 11. Bg5 h6 12. Bxc6+ bxc6 13. Be3 Rb8 14. b3
Nf5 15. O-O O-O 16. Ne2 c5 17. Rad1 cxd4 18. Nxd4 Nxe3 19. fxe3 Qb6 20. Kh1
Rbc8 21. Rc1 Rc7 22. c4 dxc4 23. Rxc4 Rd7 24. Qe4 Qa6 25. Rf2 Rfd8 26. Nc6 Re8
27. Ne5 Rd1+ 28. Kh2 Qd6 0-1

[Event "Midland Ch Forrest Cup"]
[Site "Derby"]
[Date "1988.03.20"]
[Round "6"]
[White "Littlewood, Michael P"]
[Black "Gilmore, Simon N"]
[Result "1-0"]
[WhiteElo "2008"]
[BlackElo "1880"]
[PlyCount "61"]
[EventDate "1988.03.18"]
[EventType "swiss"]
[EventRounds "6"]
[EventCountry "ENG"]
[SourceTitle "BritBase"]
[Source "John Saunders"]
[SourceDate "2022.11.28"]
[SourceVersion "1"]
[SourceVersionDate "2022.08.23"]
[SourceQuality "1"]

1. Nf3 Nf6 2. g3 g6 3. Bg2 Bg7 4. O-O O-O 5. c4 d5 6. cxd5 Nxd5 7. d4 b6 8. e4
Nf6 9. Nc3 Bb7 10. Re1 Nbd7 11. e5 Nd5 12. e6 fxe6 13. Ng5 Nxc3 14. bxc3 Bxg2
15. Kxg2 Qc8 16. Nxe6 Qb7+ 17. Kg1 Rf7 18. Ng5 Rf5 19. Rxe7 Raf8 20. Rxd7 Rxf2
21. Qb3+ Kh8 22. Qd5 Rf1+ 23. Kg2 Qa6 24. c4 Qa4 25. Nf7+ Kg8 26. Kxf1 Qd1+ 27.
Kg2 Qe2+ 28. Kh3 Qf1+ 29. Kh4 c6 30. Nh6+ Kh8 31. Qg8+ 1-0

[Event "Midland Ch Forrest Cup"]
[Site "Derby"]
[Date "1988.03.20"]
[Round "6"]
[White "Moulton, Paul J"]
[Black "Howard, D Martin"]
[Result "1/2-1/2"]
[WhiteElo "1992"]
[BlackElo "1744"]
[PlyCount "99"]
[EventDate "1988.03.18"]
[EventType "swiss"]
[EventRounds "6"]
[EventCountry "ENG"]
[SourceTitle "BritBase"]
[Source "John Saunders"]
[SourceDate "2022.11.28"]
[SourceVersion "1"]
[SourceVersionDate "2022.08.23"]
[SourceQuality "1"]

1. d4 e6 2. e4 c5 3. d5 exd5 4. exd5 d6 5. Bd3 Nf6 6. c4 Be7 7. Nc3 O-O 8. Nge2
Bg4 9. O-O Nbd7 10. h3 Bh5 11. Qc2 Ne5 12. Nf4 Nxd3 13. Qxd3 Bg6 14. Nxg6 hxg6
15. Bf4 a6 16. Rfe1 Qd7 17. a4 Rab8 18. Re2 Nh5 19. Bd2 Bf6 20. g4 Bxc3 21.
Qxc3 Nf6 22. a5 Rfe8 23. Rae1 Rxe2 24. Rxe2 Re8 25. Rxe8+ Qxe8 26. Qe3 Kf8 27.
Qxe8+ Kxe8 28. f3 Nd7 29. Bc3 f6 30. h4 Kf7 31. g5 Nf8 32. Kf2 Nh7 33. f4 f5
34. b4 cxb4 35. Bxb4 Ke7 36. c5 Nf8 37. cxd6+ Kf7 38. Bc3 Nd7 39. Bd4 Kg8 40.
Ba7 Kf7 41. Kg3 Kg8 42. Bg1 Kh7 43. Bd4 Kg8 44. h5 Kh7 45. hxg6+ Kg8 46. Kf3
Kf8 47. Ke2 Kg8 48. Kf3 Kf8 49. Ke2 Kg8 50. Kd2 1/2-1/2

[Event "Midland Ch Forrest Cup"]
[Site "Derby"]
[Date "1988.03.20"]
[Round "6"]
[White "Wheeler, Darren P"]
[Black "Cullip, Stephen J"]
[Result "1/2-1/2"]
[WhiteElo "2136"]
[BlackElo "1968"]
[PlyCount "93"]
[EventDate "1988.03.18"]
[EventType "swiss"]
[EventRounds "6"]
[EventCountry "ENG"]
[SourceTitle "BritBase"]
[Source "John Saunders"]
[SourceDate "2022.11.28"]
[SourceVersion "1"]
[SourceVersionDate "2022.08.23"]
[SourceQuality "1"]

1. e4 c5 2. f4 e6 3. Nf3 a6 4. d3 d5 5. Qe2 Be7 6. g3 Nf6 7. Bg2 O-O 8. O-O b5
9. Ne5 Bb7 10. Rd1 Qb6 11. Kh1 Rd8 12. Nd2 Nbd7 13. Nxd7 Rxd7 14. e5 Ne8 15.
Nf1 Rc8 16. g4 d4 17. Ng3 c4 18. f5 cxd3 19. cxd3 Rdc7 20. Bxb7 Qxb7+ 21. Ne4
Rc2 22. Qf3 Qd5 23. Qf4 Bd8 24. fxe6 Qxe6 25. Kg1 R8c7 26. Qg3 R7c6 27. Nd2 a5
28. Nf3 Qd5 29. Re1 Nc7 30. Bd2 Ne6 31. b3 Nc5 32. Bg5 Bxg5 33. Nxg5 Nxd3 34.
Re4 Nc1 35. e6 fxe6 36. Qf4 Qd7 37. Qf1 h6 38. Nf3 Rd6 $2 39. Rxc1 d3 40. Rd1
Qa7+ 41. Kh1 Rxa2 42. Nd2 Qc7 43. Rf4 a4 44. bxa4 bxa4 45. Qf3 Rd8 46. Rc4 Qe5
47. Qe4 1/2-1/2